000 01963nam0a2200361 4500
001 RU\NLR\bibl\1162329
005 20250615083144.0
010 _a978-5-9914-006-0
_9100
021 _aRU
_b2007-62418
_93333
035 _a(NLR Aleph) 001149073
090 _a1466014
_c1466014
100 _a20071203d2007 |||y0rusy50 ca
101 0 _arus
102 _aRU
105 _aa |||||||||
200 1 _aМетоды получения и анализа мономеров для синтетического каучука и пластических масс
_eучебное пособие
_fВ.В. Антонова, В.Д. Шеин, И.С. Коротнева
_gФедер. агентство по образованию Рос. Федерации, Гос. образоват. учреждение высш. проф. образования "Яросл. гос. техн. ун-т"
210 _aЯрославль
_cИзд-во Ярославского государственного технического университета
_d2007
215 _a63 с.
_cил.
_d21
320 _aБиблиогр.: с. 58 (4 назв.) и в тексте
606 1 _aМономеры
_jУчебные издания для высших учебных заведений
_xПроизводство
_92207405
_3RU\NLR\auth\661326161
606 1 _aМономеры
_jУчебные издания для высших учебных заведений
_xАнализ
_92501829
_3RU\NLR\auth\661483777
686 _aЛ71-31я73-1
686 _aЛ725-31я73-1
700 1 _aАнтонова
_bВ. В.
_gВиктория Васильевна
_4070
701 1 _aШеин
_bВ. Д.
_gВладимир Дмитриевич
_4070
701 1 _aКоротнева
_bИ. С.
_gИрина Сергеевна
_4070
801 0 _aRU
_bNLR
_c20071203
_gRCR
801 1 _aRU
_bNLR
_c20071203
830 _aавт. по кн.
942 _cBOOK
980 _aNB
980 _aNBR